Outbound tourism from Saudi Arabia

Αποθηκεύτηκε σε:
Λεπτομέρειες βιβλιογραφικής εγγραφής
Συγγραφή απο Οργανισμό/Αρχή: World Tourism Organization
Μορφή: Βιβλίο
Γλώσσα:English
Δημοσίευση: Madrd : World Tourism Organization, 2003
Θέματα:
Ετικέτες: Προσθήκη ετικέτας
Δεν υπάρχουν, Καταχωρήστε ετικέτα πρώτοι!

MARC

LEADER 00000cam a2200000 i 4500
001 1/63539
008 041020s2003 eng d
020 |a 92-844-0633-1 
035 |l 10074854 
040 |a GR-MY-UA  |b gre  |e aacr 
041 0 |a eng 
082 0 |a 338.4791538 
110 2 |a World Tourism Organization. 
245 1 0 |a Outbound tourism from Saudi Arabia /  |c World Tourism Organization, Market Intelligence and Promotion Section 
260 |a Madrd :   |b World Tourism Organization,   |c 2003 
300 |a 138 σ.;  |b εικ., πιν.;  |c 29 εκ. 
650 0 0 |a Tourism  |z Saudi Arabia. 
650 0 0 |a Tourism  |z Saudi Arabia  |x Statistics. 
852 |a INST  |b CHIOS  |e 20041020  |h 338.4791538 WOR  |p 005200023052  |q 005200023052  |t BK  |y 0 
901 |a BIBL2-2004-3 
909 |a Χ  |b 109044 
970 |a ΣΠΕΝΤΖΑ  |b ΕΛΕΝΗ  |z 2004/10/20